000 nam a22 7a 4500
999 _c9327
_d9327
008 180127b ||||| |||| 00| 0 eng d
100 _aAkalank Publication
_95581
245 _aThe Delhi School Education Act
260 _aNew Delhi
_bAkalank
_c2008